| 000 | 00742pam a2200241 a 4500 | ||
|---|---|---|---|
| 001 | 4851473 | ||
| 005 | 20180215041136.0 | ||
| 008 | 910507s1992 ohua 001 0 eng | ||
| 010 | _a 91020372 | ||
| 020 | _a0538813075 | ||
| 040 |
_aDLC _cDLC _dDLC |
||
| 041 | _aeng | ||
| 080 | _a338.5 rya | ||
| 082 | 0 | 0 |
_a338.5 rya _220 |
| 100 | 1 | _a54 | |
| 101 | _amic | ||
| 245 | 1 | 0 |
_aPrinciples of microeconomics / _cRyan C. Amacher, Holley H. Ulbrich. |
| 504 | _aIncludes bibliographical references and index. | ||
| 906 |
_a7 _bcbc _corignew _d1 _eocip _f19 _gy-gencatlg |
||
| 942 |
_2ddc _cBK |
||
| 999 |
_c42603 _d42603 |
||